Normal view
MARC view
Entry Personal Name
001 - CONTROL NUMBER
- control field: 26041
003 - CONTROL NUMBER IDENTIFIER
- control field:
005 - DATE AND TIME OF LATEST TRANSACTION
- control field: 20251101102127.0
008 - FIXED-LENGTH DATA ELEMENTS
- fixed length control field: 251101|| aca||aabn | a|a d
040 ## - CATALOGING SOURCE
- Original cataloging agency:
- Transcribing agency:
100 ## - HEADING--PERSONAL NAME
- Personal name: Kyabarongo, Benon
670 ## - SOURCE DATA FOUND
- Source citation: Work cat.: ()13404: Kyabarongo, Benon., Auditing and investigation/, 2017.